Which Classic Actress Starred? Click Quiz. - Statistics

General Stats
  • This quiz has been taken 79 times
  • The average score is 9 of 13
Answer Stats
Hint Answer % Correct
The Wizard of Oz Judy Garland
90%
Gone With the Wind Vivien Leigh
90%
Casablanca Ingrid Bergman
85%
Roman Holiday Audrey Hepburn
84%
All About Eve Bette Davis
71%
To Catch a Thief Grace Kelly
66%
The Philadelphia Story Katherine Hepburn
65%
Bright Eyes Shirley Temple
63%
Mildred Pierce Joan Crawford
60%
Camille Greta Garbo
56%
The Lady Eve Barbara Stanwyck
55%
It Happened One Night Claudette Colbert
53%
To Have and Have Not Lauren Bacall
47%
No matching quizzes found
Score Distribution
Percent of People with Each Score
Percentile by Number Answered
Your Score History
You have not taken this quiz